[Event "27.Bayer.Senioren-EM2015"]
[Site ""]
[Date "2015.06.15"]
[Round "7.35"]
[White "Flockerzi, Armin"]
[Black "Wraga, Teresa"]
[Result "1/2-1/2"]
[WhiteElo "1605"]
[BlackElo "1424"]
[PlyCount "80"]
[EventDate "2015.??.??"]
[WhiteTeam "VfR-SC Koblenz"]
[BlackTeam "SG Osnabrück"]

1. d4 Nf6 2. Nf3 d6 3. g3 g6 4. Bg2 Bg7 5. Nbd2 c6 6. b3 Nbd7 7. Bb2 O-O 8. c4
Rb8 9. O-O Qc7 10. Qc2 e5 11. dxe5 Nxe5 12. e4 Re8 13. Rfe1 Nfd7 14. Rac1 Nxf3+
15. Nxf3 Bxb2 16. Qxb2 Ne5 17. Nxe5 dxe5 18. c5 Be6 19. b4 Red8 20. a3 Rd4 21.
Red1 Rbd8 22. Rxd4 Rxd4 23. f4 f6 24. Qf2 Qd7 25. fxe5 Rd1+ 26. Rxd1 Qxd1+ 27.
Qf1 Qxf1+ 28. Kxf1 fxe5 29. Kf2 Kf7 30. Kf3 g5 31. Ke3 Ke7 32. Bf1 h6 33. Be2
Kd7 34. Bh5 b6 35. Bg6 Kc7 36. Kd3 bxc5 37. bxc5 a5 38. Kc3 Bg8 39. Bh5 Be6 40.
Be2 Bf7 1/2-1/2

[Event "27.Bayer.Senioren-EM2015"]
[Site ""]
[Date "2015.06.15"]
[Round "7.36"]
[White "Otto, Klaus"]
[Black "Lueders, Guenter"]
[Result "1/2-1/2"]
[WhiteElo "1550"]
[BlackElo "1603"]
[PlyCount "45"]
[EventDate "2015.??.??"]
[WhiteTeam "SV Triebes"]
[BlackTeam "TSV Benshausen"]

1. e4 c5 2. Nf3 Nc6 3. d4 cxd4 4. Nxd4 e5 5. Nf3 a6 6. Be2 Nf6 7. Bg5 Be7 8.
Nbd2 O-O 9. O-O d5 10. exd5 Nxd5 11. Bxe7 Qxe7 12. Nc4 Nf4 13. Re1 Rd8 14. Qc1
Bg4 15. Qe3 f6 16. Bf1 Nd5 17. Qb3 Kh8 18. h3 Be6 19. Nb6 Nxb6 20. Qxb6 Rac8
21. a3 Rd6 22. Qe3 Rcd8 23. Be2 1/2-1/2

[Event "27.Bayer.Senioren-EM2015"]
[Site ""]
[Date "2015.06.15"]
[Round "7.37"]
[White "Breuer, Herbert"]
[Black "Aufmwasser, Guenter"]
[Result "1-0"]
[WhiteElo "1594"]
[BlackElo "1494"]
[PlyCount "71"]
[EventDate "2015.??.??"]
[WhiteTeam "SK Bad Aibling"]
[BlackTeam "SV Hilden"]

1. e4 e5 2. Nf3 d6 3. d3 Nf6 4. Nbd2 Nc6 5. c3 Be7 6. g3 O-O 7. Bg2 Rb8 8. O-O
h6 9. Re1 Nh7 10. h4 Bg4 11. Nf1 Qc8 12. Ne3 Bh3 13. Kh2 Bxg2 14. Kxg2 Bd8 15.
Nh2 Nf6 16. Rh1 Ne7 17. h5 d5 18. Nhg4 Nxg4 19. Nxg4 Qe6 20. Qe2 f5 21. exf5
Rxf5 22. d4 Nc6 23. f4 e4 24. Bd2 Rf8 25. Raf1 Be7 26. b3 Nd8 27. Be3 Bd6 28.
Rf2 b6 29. Rhf1 Qd7 30. f5 Rf7 31. f6 Ne6 32. fxg7 Rxf2+ 33. Rxf2 Qxg7 34. Bxh6
Qe7 35. Nf6+ Kh8 36. Nxd5 1-0

[Event "27.Bayer.Senioren-EM2015"]
[Site ""]
[Date "2015.06.15"]
[Round "7.38"]
[White "Sandner, Josef"]
[Black "Alefs, Heinz"]
[Result "0-1"]
[WhiteElo "1507"]
[BlackElo "1567"]
[PlyCount "76"]
[EventDate "2015.??.??"]
[WhiteTeam "SG Traunstein/Traunreut"]
[BlackTeam "SC Eichenau"]

1. d4 d5 2. e3 Nf6 3. f4 e6 4. Bd3 c5 5. c3 cxd4 6. exd4 Bd6 7. Nf3 Nbd7 8. Ne5
Ne4 9. Qf3 Ndf6 10. g4 Ng8 11. g5 f6 12. Qh5+ g6 13. Nxg6 hxg6 14. Qxh8 Kd7 15.
Qg7+ Kc6 16. Bxe4 dxe4 17. Qxg6 f5 18. Be3 Ne7 19. Qh5 Nd5 20. Qe2 b5 21. O-O
Bxf4 22. Bxf4 Nxf4 23. Rxf4 Qxg5+ 24. Kh1 Qxf4 25. Nd2 Bd7 26. Rf1 Qh6 27. Qg2
Rh8 28. b3 Kb6 29. c4 a6 30. c5+ Kb7 31. b4 Bc6 32. Kg1 e3 33. Nf3 Rh7 34. Qe2
Rg7+ 35. Kh1 Rg3 36. Qd1 Qh5 37. d5 Bxd5 38. Qc1 Bxf3+ 0-1

[Event "27.Bayer.Senioren-EM2015"]
[Site ""]
[Date "2015.06.15"]
[Round "7.39"]
[White "Kolkwitz, Klaus"]
[Black "Huetter, Heinz"]
[Result "1-0"]
[WhiteElo "1670"]
[BlackElo "1447"]
[PlyCount "45"]
[EventDate "2015.??.??"]
[WhiteTeam "ESV Eberswalde"]
[BlackTeam "SC Eichenau"]

1. d4 d5 2. Nf3 c6 3. e3 Nf6 4. Bd3 e6 5. Nbd2 Nbd7 6. O-O h6 7. c3 Be7 8. Re1
Qc7 9. e4 dxe4 10. Nxe4 Nd5 11. c4 N5f6 12. g3 Qb6 13. a3 Nxe4 14. Bxe4 Bf6 15.
Rb1 g5 16. d5 Nf8 17. dxc6 bxc6 18. b4 Rb8 19. Bb2 Bxb2 20. Rxb2 Bb7 21. Rd2
Rd8 22. Ne5 f5 23. Qh5+ 1-0

[Event "27.Bayer.Senioren-EM2015"]
[Site ""]
[Date "2015.06.15"]
[Round "7.40"]
[White "Graw, Rolf"]
[Black "Braeu, Emmi"]
[Result "1-0"]
[WhiteElo "1563"]
[BlackElo "1321"]
[PlyCount "85"]
[EventDate "2015.??.??"]
[WhiteTeam "VfR-SC Koblenz"]
[BlackTeam "SK Marktoberdorf"]

1. d4 c5 2. e3 Nf6 3. c3 e6 4. Bd3 d5 5. f4 b6 6. Nf3 Be7 7. O-O O-O 8. Ne5 Ba6
9. Rf3 Bxd3 10. Qxd3 Ne4 11. Nd2 f5 12. Rh3 Rf6 13. Qe2 Qc7 14. g4 Nc6 15. g5
Rff8 16. Qh5 Nxe5 17. dxe5 c4 18. Qxh7+ Kf7 19. g6+ Ke8 20. Qxg7 Rc8 21. Rh7
Kd8 22. Qh6 Kd7 23. Nxe4 dxe4 24. Bd2 Qd8 25. g7 Rg8 26. Kf2 Kc7 27. Rd1 Bc5
28. Ke1 Qe7 29. Bc1 Qf7 30. Qf6 Qe7 31. Qxe7+ Bxe7 32. Rd2 Kc6 33. Rg2 a5 34.
h4 b5 35. a3 b4 36. axb4 axb4 37. Rh6 Kb5 38. h5 Bh4+ 39. Ke2 Rce8 40. Rhg6 Ka4
41. h6 Rd8 42. h7 Rge8 43. g8=Q 1-0

[Event "27.Bayer.Senioren-EM2015"]
[Site ""]
[Date "2015.06.15"]
[Round "7.41"]
[White "Jagdhuber, Hans"]
[Black "Knollmueller, Peter"]
[Result "1-0"]
[WhiteElo "1906"]
[BlackElo "1838"]
[PlyCount "107"]
[EventDate "2015.??.??"]
[WhiteTeam "SK Keres-Augsburg"]
[BlackTeam "SK Töging"]

1. Nf3 d5 2. g3 Nf6 3. c4 c6 4. b3 Bf5 5. Bg2 e6 6. O-O h6 7. d3 Be7 8. Nbd2
O-O 9. Bb2 Nbd7 10. Re1 Qb6 11. Bd4 c5 12. Bb2 d4 13. Nf1 e5 14. e3 Rae8 15. h3
Bh7 16. g4 Kh8 17. Ng3 Ng8 18. e4 Qd6 19. Nf5 Qf6 20. Bc1 Bxf5 21. exf5 g6 22.
Qe2 gxf5 23. g5 Qd6 24. gxh6 Bf6 25. Ng5 Bxg5 26. Bxg5 Qg6 27. Bd2 e4 28. Kh1
Ngf6 29. Rg1 Qh5 30. Qxh5 Nxh5 31. Bf1 Rg8 32. Be2 Nhf6 33. Rxg8+ Rxg8 34. Rg1
Kh7 35. Rxg8 Kxg8 36. Kg2 Kh7 37. Bf4 Kg6 38. Kg3 exd3 39. Bxd3 Nf8 40. Bb8 a6
41. Be5 N8h7 42. Bd6 Nd7 43. Kf4 Kxh6 44. Bxf5 Nhf6 45. Be5 b5 46. Bxf6 Nxf6
47. Ke5 Nh5 48. Bg4 d3 49. Ke4 Nf6+ 50. Kxd3 Nxg4 51. hxg4 Kg5 52. f3 Kf4 53.
Ke2 b4 54. Kf2 1-0

[Event "27.Bayer.Senioren-EM2015"]
[Site ""]
[Date "2015.06.15"]
[Round "7.42"]
[White "Wraga, Hermann"]
[Black "Peiberg, Ehrhard"]
[Result "0-1"]
[WhiteElo "1445"]
[BlackElo "1469"]
[PlyCount "106"]
[EventDate "2015.??.??"]
[WhiteTeam "SG Osnabrück"]
[BlackTeam "SC Erlangen"]

1. e4 g6 2. d3 Bg7 3. g3 Nc6 4. Bg2 Nf6 5. Nd2 d6 6. h3 e5 7. Ngf3 O-O 8. O-O
Nh5 9. Kh2 h6 10. Ng1 Kh8 11. Nc4 Be6 12. Ne3 Qd7 13. c3 Ne7 14. Bd2 c6 15. a3
d5 16. exd5 cxd5 17. Rc1 Rad8 18. Nc2 b6 19. Qe2 a5 20. Rfd1 Qb5 21. Be1 f5 22.
b4 axb4 23. axb4 Nf6 24. Ra1 Qd7 25. Kh1 Qc7 26. Nd4 Bd7 27. Ra3 e4 28. dxe4
dxe4 29. Rda1 Nc6 30. Nxc6 Qxc6 31. Ra7 Nd5 32. Qc2 Nxb4 33. Qb3 Nd3 34. Ne2
Nxe1 35. Rxe1 Qc5 36. Nd4 Bxd4 37. cxd4 Qc6 38. d5 Qc5 39. Rd1 Qd6 40. Bf1 Kg8
41. Qb2 Rb8 42. Bb5 Rf7 43. Qb3 Bxb5 44. Rxf7 Kxf7 45. Qxb5 Rd8 46. Kg2 g5 47.
Qb3 Kg6 48. Qc4 Qc5 49. Qb3 Rd6 50. Kf1 b5 51. Kg2 Qc4 52. Qa3 b4 53. Qa5 Qb3
0-1

[Event "27.Bayer.Senioren-EM2015"]
[Site ""]
[Date "2015.06.15"]
[Round "7.43"]
[White "Hermann, Josef"]
[Black "Wilfert, Eva-Maria"]
[Result "1-0"]
[WhiteElo "1645"]
[BlackElo "1389"]
[PlyCount "112"]
[EventDate "2015.??.??"]
[WhiteTeam "TSV Trostberg"]
[BlackTeam "PTSV SK Hof"]

1. c4 c6 2. Nc3 d5 3. e3 dxc4 4. Bxc4 e5 5. Qh5 Qe7 6. b3 Nf6 7. Qe2 g6 8. a4
Qd8 9. Nf3 Bd6 10. h3 Nbd7 11. O-O O-O 12. Rd1 Nb6 13. d4 e4 14. Nd2 Nxc4 15.
bxc4 Re8 16. Nf1 b6 17. Ba3 Bxa3 18. Rxa3 Qe7 19. Rda1 Qb4 20. Qa2 Ba6 21. Nd2
Rac8 22. Rb1 Qa5 23. Qc2 Qf5 24. Ne2 Rc7 25. Ng3 Qe6 26. a5 Qe7 27. axb6 Qxa3
28. bxc7 Bc8 29. Ngxe4 Nxe4 30. Nxe4 Bf5 31. Rb8 Qe7 32. f3 Kf8 33. Rb7 Rc8 34.
Rxa7 Rxc7 35. Rxc7 Qxc7 36. Qc3 Qd8 37. Qb4+ Kg7 38. Qc5 Bd7 39. Qe5+ f6 40.
Qd6 Kf7 41. Kf2 Qe7 42. Qxe7+ Kxe7 43. Nc5 Bc8 44. Ke2 f5 45. e4 fxe4 46. fxe4
h6 47. Ke3 g5 48. g4 h5 49. Kf3 hxg4+ 50. hxg4 Kd6 51. e5+ Ke7 52. Ne4 Be6 53.
c5 Bd5 54. Ke3 Bg8 55. Nxg5 Bd5 56. Kf4 Kd7 1-0

[Event "27.Bayer.Senioren-EM2015"]
[Site ""]
[Date "2015.06.15"]
[Round "7.44"]
[White "Garms, Ilse"]
[Black "Hartlaub, Marianne"]
[Result "1-0"]
[WhiteElo "1553"]
[BlackElo "1367"]
[PlyCount "49"]
[EventDate "2015.??.??"]
[WhiteTeam "ESV Eberswalde"]
[BlackTeam "SK Klingenberg"]

1. d4 d6 2. e4 Nf6 3. Bd3 e5 4. c3 Be7 5. Nd2 O-O 6. Ngf3 Bg4 7. O-O h6 8. h3
Bxf3 9. Nxf3 Nbd7 10. Be3 c6 11. Qe2 Qc7 12. Rfe1 b5 13. a3 Rfe8 14. Nd2 Bf8
15. f4 g6 16. fxe5 dxe5 17. Qf3 Bg7 18. b4 Rad8 19. Rac1 Nf8 20. Nb3 Ne6 21.
Bf2 Nf4 22. Bb1 Nd7 23. Rcd1 Nb6 24. Nc5 Qd7 25. Nxd7 1-0

[Event "27.Bayer.Senioren-EM2015"]
[Site ""]
[Date "2015.06.15"]
[Round "7.45"]
[White "Conitz, Helmut"]
[Black "Jehn, Detlef"]
[Result "0-1"]
[WhiteElo "1343"]
[BlackElo "1486"]
[PlyCount "76"]
[EventDate "2015.??.??"]
[WhiteTeam "SF Witzlasreuth"]
[BlackTeam "SF Bad Reichenhall"]

1. e4 e5 2. Nf3 d6 3. h3 Nf6 4. Nc3 c6 5. Bc4 h6 6. O-O b5 7. Bd3 Be7 8. a3 O-O
9. b4 Nbd7 10. Bb2 Nh7 11. Ne2 Nb6 12. Rb1 a5 13. c3 a4 14. Ng3 Kh8 15. Bc2 Be6
16. d3 Rg8 17. Bc1 Qd7 18. Kh2 Raf8 19. Be3 Nc8 20. Qd2 Qd8 21. Qe2 g5 22. Ng1
Rg6 23. Nf5 Qc7 24. Nxe7 Nxe7 25. Kh1 f5 26. f3 f4 27. Bf2 Rfg8 28. Rfd1 h5 29.
Qf1 g4 30. fxg4 hxg4 31. h4 g3 32. Be1 Rh6 33. Nf3 Bg4 34. Kg1 Bxf3 35. Qxf3
Rxh4 36. Bd2 Ng5 37. Qf1 Ng6 38. c4 Qh7 0-1

[Event "27.Bayer.Senioren-EM2015"]
[Site ""]
[Date "2015.06.15"]
[Round "7.46"]
[White "Rudek, Gerald"]
[Black "Ewald, Frithjof"]
[Result "0-1"]
[WhiteElo "1453"]
[BlackElo "1319"]
[PlyCount "48"]
[EventDate "2015.??.??"]
[WhiteTeam "SC Feuchtwangen"]
[BlackTeam "ASV J'Adoube Grassau"]

1. f4 d5 2. Nf3 Bg4 3. Ne5 Bf5 4. e3 d4 5. d3 dxe3 6. Bxe3 f6 7. Nf3 Nc6 8. Be2
e6 9. Nc3 a6 10. Nh4 Nge7 11. Bf3 Ng6 12. Nxf5 exf5 13. O-O Qd6 14. g3 h5 15.
Bxh5 Nce7 16. Bf3 O-O-O 17. Bg2 Nc6 18. Qf3 Nge7 19. a3 g5 20. Qf2 Ng6 21. Bc5
Qxc5 22. d4 Qxd4 23. Rae1 Qxf2+ 24. Rxf2 Bc5 0-1

[Event "27.Bayer.Senioren-EM2015"]
[Site ""]
[Date "2015.06.15"]
[Round "7.47"]
[White "Malik, Rosemarie"]
[Black "Rosmann, Armin"]
[Result "0-1"]
[WhiteElo "1285"]
[BlackElo "1403"]
[PlyCount "76"]
[EventDate "2015.??.??"]
[WhiteTeam "SK Großweil"]
[BlackTeam "TSV Ebermannstadt"]

1. e4 e5 2. Nf3 Nc6 3. Bb5 d6 4. O-O Nf6 5. Re1 Bd7 6. d3 Be7 7. c3 O-O 8. Bg5
a6 9. Ba4 b5 10. Bb3 Na5 11. Bc2 c5 12. Nbd2 h6 13. Bh4 Nc6 14. h3 Nh5 15. Bxe7
Qxe7 16. Nh2 Nf4 17. Qf3 Be6 18. Kh1 Qg5 19. Rg1 Ng6 20. Qe3 Qf4 21. Ndf3 Qxe3
22. fxe3 f5 23. exf5 Bxf5 24. e4 Be6 25. Rgf1 Rf6 26. b3 Raf8 27. Rf2 b4 28.
Raf1 bxc3 29. Bb1 Nb4 30. a3 Nc6 31. Ba2 Nf4 32. Ne1 Nd4 33. Nhf3 Nde2 34. Kh2
Nc1 35. g3 Nfxd3 36. Nxd3 Nxd3 37. Rc2 Rxf3 38. Kg2 Rxf1 0-1

[Event "27.Bayer.Senioren-EM2015"]
[Site ""]
[Date "2015.06.15"]
[Round "7.48"]
[White "Jurgan, Brigitte"]
[Black "Schwarzmeier, Christine"]
[Result "1-0"]
[WhiteElo "1236"]
[BlackElo "868"]
[PlyCount "73"]
[EventDate "2015.??.??"]
[WhiteTeam "ASV J'Adoube Grassau"]
[BlackTeam "TV Riedenburg"]

1. d4 Nf6 2. Nf3 c5 3. c3 e6 4. g3 b6 5. Bg2 Nc6 6. Bg5 Be7 7. Bxf6 Bxf6 8. O-O
O-O 9. e3 Re8 10. Re1 e5 11. dxe5 Bxe5 12. Nxe5 Rxe5 13. Bxc6 Bb7 14. Bxb7 Rb8
15. Bg2 d6 16. Nd2 b5 17. Nf3 Re6 18. e4 Rb7 19. e5 Rb6 20. Qc2 Rh6 21. Rad1
Qe7 22. Qe4 Qf8 23. b4 c4 24. Ra1 Rb8 25. Qd4 a6 26. a4 Rd8 27. a5 dxe5 28.
Qxe5 f6 29. Qe7 Qxe7 30. Rxe7 Kf8 31. Re3 f5 32. Nd4 Rhd6 33. Rae1 Kf7 34. Re7+
Kf6 35. R1e6+ Kg5 36. Rxg7+ Kh5 37. Bf3# 1-0

[Event "27.Bayer.Senioren-EM2015"]
[Site ""]
[Date "2015.06.15"]
[Round "7.49"]
[White "Walther, Renate"]
[Black "Schubert, Juergen"]
[Result "0-1"]
[WhiteElo "837"]
[BlackElo "1124"]
[PlyCount "74"]
[EventDate "2015.??.??"]
[WhiteTeam "SK Herzogenaurach"]
[BlackTeam "Münchener SC"]

1. e4 e5 2. Nf3 Nf6 3. Bc4 h6 4. c3 Bc5 5. d4 exd4 6. cxd4 Bb4+ 7. Bd2 Bxd2+ 8.
Nbxd2 O-O 9. O-O d6 10. Re1 Bg4 11. Qb3 Nc6 12. Rac1 b6 13. d5 Na5 14. Qd3 Nxc4
15. Nxc4 Bxf3 16. Qxf3 Qd7 17. h3 Rfe8 18. Nd2 Nh7 19. Rc3 f6 20. Rce3 Ng5 21.
Qg4 Qxg4 22. hxg4 b5 23. f4 Nf7 24. Rc1 Re7 25. Rce1 g5 26. f5 Ne5 27. Rg3 Rc8
28. Nf3 Nd3 29. Re2 c6 30. Ne1 cxd5 31. Nxd3 dxe4 32. Ne1 d5 33. Nc2 a5 34. b4
a4 35. Rge3 Rec7 36. Rf2 Rxc2 37. Rxc2 Rxc2 0-1

[Event "27.Bayer.Senioren-EM2015"]
[Site ""]
[Date "2015.06.15"]
[Round "8.1"]
[White "Roeder, Frank"]
[Black "Daeubler, Heinrich"]
[Result "1/2-1/2"]
[WhiteElo "2184"]
[BlackElo "2058"]
[PlyCount "108"]
[EventDate "2015.??.??"]
[WhiteTeam "SV Altensittenbach"]
[BlackTeam "SC Haselmühl"]

1. e4 e6 2. d4 d5 3. Nd2 a6 4. Bd3 c5 5. dxc5 Bxc5 6. Ngf3 Nc6 7. O-O Nge7 8.
c3 O-O 9. Nb3 dxe4 10. Bxe4 Qxd1 11. Rxd1 Bb6 12. Bf4 f6 13. Bd6 Re8 14. Bc5
Bc7 15. Nfd2 f5 16. Bf3 Ne5 17. Be2 b6 18. Ba3 Bb7 19. Nc4 Nxc4 20. Bxc4 Nd5
21. Nd4 Rad8 22. g3 g6 23. Rd2 b5 24. Bb3 Kg7 25. Rad1 Kf6 26. Bc5 Nb6 27. f4
Bd5 28. Bxd5 Rxd5 29. Nb3 Red8 30. Bd4+ Kf7 31. Na5 Nc4 32. Nxc4 bxc4 33. Be3
Rxd2 34. Rxd2 Rxd2 35. Bxd2 e5 36. fxe5 Bxe5 37. Kf2 Ke6 38. b3 Kd5 39. Kf3 a5
40. h3 Bg7 41. Be1 Bf6 42. g4 fxg4+ 43. Kxg4 cxb3 44. axb3 Ke4 45. c4 Bd8 46.
h4 h5+ 47. Kh3 Kd4 48. Kg2 a4 49. bxa4 Kxc4 50. Kg3 Kc5 51. Bd2 Kb6 52. Be1
Bxh4+ 53. Kxh4 Ka6 54. Kg5 Kb6 1/2-1/2

[Event "27.Bayer.Senioren-EM2015"]
[Site ""]
[Date "2015.06.15"]
[Round "8.2"]
[White "Wolf, Walter"]
[Black "Jergler, Karl-Heinz"]
[Result "0-1"]
[WhiteElo "2084"]
[BlackElo "2076"]
[PlyCount "66"]
[EventDate "2015.??.??"]
[WhiteTeam "Stuttgarter SF"]
[BlackTeam "SC Waldkraiburg"]

1. b3 c5 2. Bb2 Nc6 3. e3 Nf6 4. f4 e6 5. g4 d5 6. Bg2 Bd7 7. g5 Ne4 8. c4 Nd6
9. d3 Nf5 10. Qe2 d4 11. e4 Ne3 12. Bc1 e5 13. Bxe3 dxe3 14. Qxe3 Nd4 15. Kd1
Be7 16. Nc3 exf4 17. Qxf4 O-O 18. Nf3 Nxf3 19. Qxf3 Bxg5 20. Nd5 Qa5 21. Qf2
Be6 22. Qe1 Qa3 23. Qf2 a5 24. h4 Bd8 25. Nc3 Bf6 26. Qc2 a4 27. Kd2 Rfd8 28.
Rab1 axb3 29. Rxb3 Qa5 30. Ke3 Bd4+ 31. Ke2 Qc7 32. Bf3 Qg3 33. Rf1 Bh3 0-1

[Event "27.Bayer.Senioren-EM2015"]
[Site ""]
[Date "2015.06.15"]
[Round "8.3"]
[White "Schmidt, Gerhard"]
[Black "Walther, Reinhard"]
[Result "1-0"]
[WhiteElo "2131"]
[BlackElo "1942"]
[PlyCount "45"]
[EventDate "2015.??.??"]
[WhiteTeam "SC Unterhaching"]
[BlackTeam "SK Herzogenaurach"]

1. d4 d6 2. Nf3 g6 3. c4 Bg7 4. Nc3 Nf6 5. Bg5 Nbd7 6. h3 c5 7. d5 Qa5 8. Nd2
a6 9. e4 h6 10. Be3 Rb8 11. a4 Nh7 12. Qc1 Qd8 13. Be2 g5 14. f4 gxf4 15. Bxf4
e5 16. dxe6 fxe6 17. Bxd6 Ne5 18. Bxb8 Qh4+ 19. Kd1 O-O 20. Bxe5 Bxe5 21. Nf3
Qg3 22. Nxe5 Qxe5 23. Qe3 1-0

[Event "27.Bayer.Senioren-EM2015"]
[Site ""]
[Date "2015.06.15"]
[Round "8.4"]
[White "Lehr, Thomas"]
[Black "Goy, Udo"]
[Result "0-1"]
[WhiteElo "1895"]
[BlackElo "2084"]
[PlyCount "62"]
[EventDate "2015.??.??"]
[WhiteTeam "Husumer SV"]
[BlackTeam "Ford SF Köln"]

1. e4 c5 2. b3 Nc6 3. Bb2 d6 4. Bb5 Nf6 5. Nc3 e6 6. d3 Be7 7. Nf3 O-O 8. Bxc6
bxc6 9. O-O Rb8 10. e5 dxe5 11. Nxe5 Qc7 12. Nf3 Rd8 13. Qe2 Nd5 14. Rfe1 Re8
15. Na4 f6 16. Nd2 Nb6 17. Nc3 e5 18. Nce4 Bf5 19. Qf3 Bg6 20. Ng3 Qd7 21. h4
h6 22. a4 Nd5 23. h5 Bh7 24. Nc4 Kh8 25. Ne3 Nxe3 26. Rxe3 c4 27. dxc4 Bxc2 28.
Rc3 Bh7 29. Rd1 Qe6 30. c5 e4 31. Qe3 f5 0-1

[Event "27.Bayer.Senioren-EM2015"]
[Site ""]
[Date "2015.06.15"]
[Round "8.5"]
[White "Glueck, Josef"]
[Black "Trescher, Manfred"]
[Result "0-1"]
[WhiteElo "1891"]
[BlackElo "2062"]
[PlyCount "98"]
[EventDate "2015.??.??"]
[WhiteTeam "SG Traunstein/Traunreut"]
[BlackTeam "Stiftung BSW - SG München"]

1. Nf3 d5 2. b3 Bg4 3. e3 Nd7 4. c4 e6 5. Bb2 Ngf6 6. Be2 Bd6 7. Nc3 c6 8. cxd5
exd5 9. Nd4 Bxe2 10. Qxe2 g6 11. f4 Qe7 12. a3 a6 13. O-O c5 14. Nf3 O-O 15.
Qd3 Nb6 16. Ne5 d4 17. Ne4 Nxe4 18. Qxe4 f6 19. exd4 fxe5 20. dxe5 Rae8 21. Qc2
Bb8 22. a4 Nd5 23. Qc4 Qe6 24. g3 Ba7 25. Kf2 Nc7 26. Rac1 b5 27. Qxe6+ Rxe6
28. Ba3 Rd8 29. Rfd1 Nd5 30. Kf3 b4 31. Bb2 Ne7 32. Ke4 Nc6 33. g4 Nd4 34. f5
Ree8 35. e6 Nxb3 36. Rc2 Nd4 37. Rc4 Nxe6 38. fxe6 Rxe6+ 39. Kf3 Rd3+ 40. Kf2
Rh3 41. Kg2 Rb3 42. Ba1 Re2+ 43. Kg1 Rd3 44. a5 Rdxd2 45. Rxd2 Rxd2 46. g5 Bb8
47. Re4 Bxh2+ 48. Kh1 Rd1+ 49. Kxh2 Rxa1 0-1

[Event "27.Bayer.Senioren-EM2015"]
[Site ""]
[Date "2015.06.15"]
[Round "8.6"]
[White "Blodig, Reinhard"]
[Black "Kochseder, Georg"]
[Result "1/2-1/2"]
[WhiteElo "1999"]
[BlackElo "1871"]
[PlyCount "56"]
[EventDate "2015.??.??"]
[WhiteTeam "TV Riedenburg"]
[BlackTeam "TV Hallstadt"]

1. e4 e5 2. Nf3 Nc6 3. d4 exd4 4. Nxd4 d6 5. Nc3 Bd7 6. Be3 Be7 7. Be2 Nf6 8.
Qd2 Ng4 9. Nxc6 bxc6 10. Bd4 Bf6 11. h3 Bxd4 12. Qxd4 Qf6 13. Qxf6 Nxf6 14.
O-O-O g5 15. h4 g4 16. f4 Nh5 17. Bc4 Be6 18. Bxe6 fxe6 19. Ne2 Rf8 20. Rhf1
Kd7 21. Rd3 a5 22. Ra3 c5 23. Kd2 e5 24. f5 Nf6 25. Ng3 Rfb8 26. Kc1 Rb4 27.
Re3 Rab8 28. b3 R4b6 1/2-1/2

[Event "27.Bayer.Senioren-EM2015"]
[Site ""]
[Date "2015.06.15"]
[Round "8.7"]
[White "Straub, Peter"]
[Black "Korth, Manfred"]
[Result "1-0"]
[WhiteElo "1965"]
[BlackElo "1833"]
[PlyCount "44"]
[EventDate "2015.??.??"]
[WhiteTeam "SK Mering"]
[BlackTeam "SC Heideck-Hilpoltstein"]

1. d4 d6 2. Nf3 Bg4 3. Nbd2 Nd7 4. h3 Bh5 5. c4 e5 6. Qb3 Rb8 7. dxe5 dxe5 8.
Nxe5 Nc5 9. Qc3 Bd6 10. g4 Bg6 11. Nxg6 hxg6 12. Qxg7 Qf6 13. Qxf6 Nxf6 14. Bg2
Kd7 15. Nf3 Rbe8 16. Be3 Nce4 17. O-O-O Kc8 18. Nd2 Nxf2 19. Bxf2 Rxe2 20. Bd4
Rd8 21. Bf3 Rxd2 22. Kxd2 Nh7 1-0

[Event "27.Bayer.Senioren-EM2015"]
[Site ""]
[Date "2015.06.15"]
[Round "8.8"]
[White "Gerhards, Walter"]
[Black "Fischer, Gerd"]
[Result "1/2-1/2"]
[WhiteElo "1756"]
[BlackElo "2011"]
[PlyCount "121"]
[EventDate "2015.??.??"]
[WhiteTeam "Ratinger SK"]
[BlackTeam "FC Gunzenhausen"]

1. e4 e6 2. d4 d5 3. Nc3 dxe4 4. Nxe4 Be7 5. Be3 Nf6 6. Bd3 Bd7 7. Nf3 Nxe4 8.
Bxe4 Bc6 9. Bd3 Nd7 10. O-O O-O 11. Qe2 Bf6 12. Rad1 Re8 13. Ne5 Bxe5 14. dxe5
Qh4 15. f4 a6 16. b4 Qe7 17. Bd2 g6 18. Qg4 Rad8 19. Be1 f5 20. exf6 Nxf6 21.
Qh3 Be4 22. Bh4 Bxd3 23. cxd3 Rd5 24. Rfe1 Qf7 25. Bg5 Nh5 26. Re4 Ng7 27. g4
Qd7 28. Bf6 Rf8 29. g5 Nf5 30. d4 h5 31. Qc3 Rc8 32. Rde1 Re8 33. a3 Kf7 34.
Rc1 Rc8 35. Be5 c6 36. a4 Rd8 37. Rd1 Rc8 38. Bf6 c5 39. bxc5 Rcxc5 40. Qb4 b5
41. axb5 Rxb5 42. Qa4 Qc6 43. Rde1 Rd6 44. Be5 Rd8 45. R4e2 Qb6 46. Bf6 Rd6 47.
Qc4 Rc6 48. Qd3 Rb4 49. Re4 Rd6 50. Rd1 a5 51. Kh1 Rb3 52. Qe2 Qc6 53. Kg1 a4
54. Rd2 Rb1+ 55. Kf2 Qc1 56. Qe1 Rc6 57. Qxc1 Rcxc1 58. d5 Rf1+ 59. Kg2 Rg1+
60. Kf2 Rgf1+ 61. Kg2 1/2-1/2

[Event "27.Bayer.Senioren-EM2015"]
[Site ""]
[Date "2015.06.15"]
[Round "8.9"]
[White "Selig, Rainer"]
[Black "Pidtoptanyy, Igor"]
[Result "1/2-1/2"]
[WhiteElo "2007"]
[BlackElo "1823"]
[PlyCount "66"]
[EventDate "2015.??.??"]
[WhiteTeam "SpV Ebersbach/SA"]
[BlackTeam "SW Nürnberg Süd"]

1. d4 Nf6 2. Nf3 d5 3. e3 e6 4. Bd3 c5 5. c3 cxd4 6. exd4 Be7 7. O-O O-O 8.
Nbd2 b6 9. Qe2 a5 10. Ne5 Ba6 11. Bxa6 Nxa6 12. Ndf3 Nc7 13. Nc6 Qe8 14. Nxe7+
Qxe7 15. Bg5 h6 16. Bh4 g5 17. Bg3 Ne4 18. Bxc7 Qxc7 19. Ne5 Kg7 20. f3 Nd6 21.
Rfe1 Rae8 22. Rac1 f6 23. Ng4 h5 24. Nf2 Nf5 25. Nd3 Qd6 26. Qd2 Kf7 27. Rc2
Rc8 28. Rec1 Rc6 29. Nf2 Rfc8 30. Nd1 Qf4 31. Qxf4 gxf4 32. Nf2 Nxd4 33. Rd2
Nf5 1/2-1/2

[Event "27.Bayer.Senioren-EM2015"]
[Site ""]
[Date "2015.06.15"]
[Round "8.10"]
[White "Siegmund, Rainer"]
[Black "Schroeter, Manfred"]
[Result "1-0"]
[WhiteElo "1991"]
[BlackElo "1855"]
[PlyCount "39"]
[EventDate "2015.??.??"]
[WhiteTeam "SV Dresden-Striesen"]
[BlackTeam "SC Falke Saerbeck"]

1. d4 Nf6 2. c4 g6 3. Nc3 Bg7 4. e4 d6 5. Nf3 O-O 6. h3 c5 7. d5 Na6 8. Bd3 Rb8
9. O-O Nc7 10. a4 a6 11. Bg5 Bd7 12. a5 b5 13. axb6 Rxb6 14. Ra2 h6 15. Be3 e6
16. e5 dxe5 17. Bxc5 exd5 18. Bxb6 e4 19. cxd5 exd3 20. d6 1-0

[Event "27.Bayer.Senioren-EM2015"]
[Site ""]
[Date "2015.06.15"]
[Round "8.12"]
[White "Roeder, Gerd"]
[Black "Niedermaier, Peter"]
[Result "1-0"]
[WhiteElo "2047"]
[BlackElo "1757"]
[PlyCount "77"]
[EventDate "2015.??.??"]
[WhiteTeam "SV Altensittenbach"]
[BlackTeam "SU Ebersberg-Grafing"]

1. e4 c5 2. c3 Nf6 3. e5 Nd5 4. d4 cxd4 5. cxd4 Nc6 6. Bc4 Nb6 7. Bb3 d5 8. Nc3
Bf5 9. Nge2 e6 10. O-O Be7 11. Ng3 Bg6 12. f4 f5 13. Be3 O-O 14. Qe2 a6 15.
Rac1 Na5 16. Na4 Nxb3 17. axb3 Be8 18. Qd1 Bxa4 19. bxa4 Nc4 20. Qb3 Rb8 21.
Rf2 b5 22. Nf1 bxa4 23. Qxa4 Qb6 24. Ra1 Rb7 25. Qxa6 Nxb2 26. Qxb6 Rxb6 27.
Ra7 Kf7 28. Nd2 Nd1 29. Rf3 Rb2 30. Nf1 Rc8 31. Bd2 Rcc2 32. Rd3 Rb1 33. h3 Nb2
34. Rb3 Rxd2 35. Rbb7 Rdd1 36. Rxe7+ Kf8 37. Reb7 Rxf1+ 38. Kh2 Rh1+ 39. Kg3
1-0

[Event "27.Bayer.Senioren-EM2015"]
[Site ""]
[Date "2015.06.15"]
[Round "8.13"]
[White "Strecker, Gerhard"]
[Black "Thieme, Wolfgang"]
[Result "1-0"]
[WhiteElo "1930"]
[BlackElo "1755"]
[PlyCount "43"]
[EventDate "2015.??.??"]
[WhiteTeam "SC Starnberg"]
[BlackTeam "SC Bayer Uerdingen"]

1. e4 c5 2. Nc3 e6 3. g3 Nc6 4. Bg2 a6 5. d3 b5 6. f4 Bb7 7. Nf3 Nge7 8. Be3
Ng6 9. e5 Nd4 10. O-O Nf5 11. Bf2 d5 12. exd6 Bxd6 13. Ne4 Rc8 14. g4 Nfe7 15.
Nxd6+ Qxd6 16. Bg3 Bxf3 17. Qxf3 Qd4+ 18. Kh1 Qd7 19. f5 exf5 20. gxf5 Nf8 21.
Rae1 Rc6 22. Qxc6 1-0